00672cam a22002051 4500001001300000003000400013005001700017008004100034010001700075025001900092035002000111040002000131050001800151100003900169245011500208260003900323300002900362504003000391600004500421sa 66005406 DLC20260227112249.0840815s1965 ii c b 000 0beng  asa 66005406  aPL480:I-E-5683 a(OCoLC)11057905 aDLCcNcWsWdDLC00aDS481.K26bP71 aPrasad, Madho,d1902 or 1903-1964.12aA Gandhian patriarch;ba political and spiritual biography of Kaka Kalelkar.cForeword by Lal Bahadur Shastri. aBombay,bPopular Prakashanc[1965] ax, 378 p.bport.c23 cm. aBibliography: p. 365-369.10aKalelkar, Dattatraya Balakrishna,d1885-